00251nam a2200097Ia 4500008004100000041000800041082001700049100001900066245003400085260003400119230627s9999 xx 000 0 und d amar a346.059bTAL aTalankar D. R. aBombay Public Trusts Act 1950 aMumbaibKamal Law Housec2005